Statistiken für Olympische Medaillen-Länder im Eiskunstlauf

Klicken Sie hier um das Quiz zu spielen!

Allgemein

  • Dieses Quiz wurde 280 mal gespielt
    (239 seit der letzten Aktualisierung)
  • Das Durchschnittsergebnis liegt bei 19 aus 24

Antwortstatistiken

GoldSilberBronzeLand% Korrekt
100Russisches Reich
98%
879Deutschland
97%
1493Russland
97%
151620Vereinigte Staaten
97%
331Japan
94%
61112Kanada
94%
134China
92%
13106Sowjetunion
92%
337Frankreich
90%
532Schweden
88%
002Italien
87%
321Norwegen
86%
110Finnland
83%
021Schweiz
83%
537Großbritannien
78%
794Österreich
78%
120Niederlande
76%
110Südkorea
76%
001Spanien
68%
101Ukraine
65%
101Belgien
60%
024Ungarn
47%
113Tschechoslowakei
41%
001Kasachstan
32%

Verteilung der Resultate

Perzentil nach korrekt beantworteten Fragen

Anzahl Personen mit jedem Resultat

Ihre Resultats-Entwicklung

Sie haben dieses Quiz seit der letzten Aktualisierung nicht gespielt